Odhad nákladov kapitálu
Analýza možnosti stanovenia nákladov kapitálu, najmä v anglosaskej literatúre, ktorá vychádza so skúseností vyspelých kapitálových trhov a poukázanie na obmedzenia a problémy, s ktorými sa znalci stretávajú pri nutnosti postupovať podľa právnych noriem upravujúcich znaleckú činnosť.
Saved in:
| Main Author: | |
|---|---|
| Format: | Book Chapter |
| Language: | Slovak |
| Subjects: | |
| Tags: |
No Tags, Be the first to tag this record!
|
MARC
| LEADER | 00000nla a2200000 4500 | ||
|---|---|---|---|
| 001 | 0240177 | ||
| 005 | 20240502073910.4 | ||
| 041 | 0 | |a slo | |
| 044 | |a SK | ||
| 245 | 1 | 0 | |a Odhad nákladov kapitálu |c Božena Hrvoľová |
| 520 | |a Analýza možnosti stanovenia nákladov kapitálu, najmä v anglosaskej literatúre, ktorá vychádza so skúseností vyspelých kapitálových trhov a poukázanie na obmedzenia a problémy, s ktorými sa znalci stretávajú pri nutnosti postupovať podľa právnych noriem upravujúcich znaleckú činnosť. | ||
| 610 | 2 | 0 | |a kapitál |
| 610 | 2 | 0 | |a náklady |
| 610 | 2 | 0 | |a odhady |
| 610 | 2 | 0 | |a oceňovanie |
| 610 | 2 | 0 | |a výnosy |
| 610 | 2 | 0 | |a papiere cenné |
| 610 | 2 | 0 | |a trh kapitálový medzinárodný |
| 100 | 1 | |a Hrvoľová, Božena | |